| 000 | 00436nam a2200169Ia 4500 | ||
|---|---|---|---|
| 001 | 24221 | ||
| 008 | 140410s9999 xx 000 0 und d | ||
| 020 | _a0-13-025783-4 | ||
| 040 | _cPK-LaUMT | ||
| 082 |
_a 004.76 _bPAV-S |
||
| 100 | _aOliliver Pavie | ||
| 245 | 2 |
_aA Simple Guide to Scanning and Manipulating Images _cOliliver Pavie |
|
| 260 |
_aLondon,UK: _bPrentice Hall, _c2000 |
||
| 300 | _a207 p. | ||
| 546 | _aEN | ||
| 942 | _cBK | ||
| 999 |
_c24426 _d24426 |
||